000 02693nam a2200349 a 4500
003 OSt
005 20240827115726.0
007 cr ||||||a|c|a
008 240827s2024 mx a|||fom||| 001 0 spa d
040 _erda
100 1 _aPedro Juárez, Fátima Andrea
_9189473
245 1 0 _aGasto público y economía moral a cinco años del gobierno de la 4T en México /
_cpor Fátima Andrea Pedro Juárez; director de tesis Jesús Loera Martínez; secretario Daniel Sepulveda Jiménez; vocal José Guadalupe Ramírez Razo; suplente José Samuel Banda Arrieta; suplente Jorge Infante Altamirano.
264 1 _aChapingo, México :
_bEl autor,
_c2024.
300 _a1 recurso en línea (165 páginas):
_bcuadros,figuras.
336 _2rdacontent
_atexto
_btxt
337 _2rdamedia
_acomputadora
_bc
338 _2rdacarrier
_arecurso en línea
_bcr
502 _bIEA
_cDICEA
_d2024.
_gLIC
504 _aIncluye referencias bibliográficas: páginas 140-154.
520 _aEn el 2018, después de varios años de estar en campaña, llegó a la presidencia de México López Obrador, con una aparente moralización económica, planteada en su libro “Hacia una economía moral”. Esta investigación analiza la pertinencia del concepto y también el gasto público del período 2015 a 2023. Se concluyó que “economía moral” es una confusión conceptual ya que, de acuerdo con Poincaré, no puede haber moral científica, pero tampoco puede haber ciencia inmoral. Esto sin considerar la escandalosa corrupción de la familia presidencial y del gabinete de la 4T. Por otra parte, al comparar el Gasto Público de cuatro años de gobierno de Peña Nieto con cinco de López Obrador, se concluyó que la 4T en lugar de transformar al país lo terminó destruyendo, al reducir el porcentaje promedio de gasto público en educación, en salud, en agricultura y ganadería, en ciencia y tecnología y desmantelaron instituciones y programas que eran exitosos, además aumentó la inseguridad nacional y la deuda pública.
650 4 _aGasto público
_zMéxico
_947253
650 4 _aPolíticas públicas
_9146273
650 4 _aGobierno federal
_zMéxico
_948409
650 4 _aNeoliberalismo
_xAspectos sociales
_zMéxico
_9137126
700 1 _aLoera Martínez, Jesús
_967447
_eDirector de tesis.
700 1 _aSepúlveda Jiménez, Daniel
_9104482
_eSecretario.
700 1 _aRamírez Razo, José Guadalupe
_994213
_eVocal.
700 1 _aBanda Arrieta, José Samuel
_99930
_eSuplente.
700 1 _aInfante Altamirano, Jorge
_958049
_eSuplente.
856 _zDESCARGAR PDF
_uhttp://10.13.5.2/tesis/tl/1411897-6_PEDRO_JUAREZ_FATIMAANDREA.pdf
942 _2Clasificación Universidad Autónoma Chapingo
_cTD
999 _c220109
_d220109